Les Meilleurs buteurs de la Bundesliga 2012-2013 - Statistiques

Statistiques générales
  • Ce quiz a été pris 23 fois
  • Le résultat moyen est 5 sur 11
Statistiques - réponses
Buts Nationalité Club Joueur % Correct
24 Pologne Borussia Dortmund Robert Lewandowski
100%
14 Allemagne Borussia Dortmund Marco Reus
82%
12 Corée du Sud Hambourg SV Son Heung-min
82%
13 Allemagne Bayern Munich Thomas Müller
77%
15 Croatie Bayern Munich Mario Mandžukić
59%
25 Allemagne Bayer Leverkusen Stefan Kießling
45%
15 Bosnie-Herzégovine VfB Stuttgart Vedad Ibišević
36%
13 Hongrie 1. FSV Mayence 05 Ádám Szalai
9%
16 Allemagne Eintracht Francfort Alexander Meier
5%
12 Sénégal Hanovre 96 Mame Biram Diouf
5%
12 Lettonie Hambourg SV Artjoms Rudņevs
0%
Aucun quiz correspondant
Distribution des résultats
% des personnes avec chaque résultat
Percentile par nombre de réponses
Votre historique - résultats
Vous n’avez pas pris ce quiz